| 000 | 01191cam a2200337 a 4500 | ||
|---|---|---|---|
| 999 |
_c173644 _d173644 |
||
| 001 | 17191612 | ||
| 003 | Nust- CAS-E | ||
| 005 | 20180116125513.0 | ||
| 008 | 120302s2012 flua b 001 0 eng | ||
| 010 | _a 2012003099 | ||
| 020 | _a9780415620895 | ||
| 020 | _a0415620899 | ||
| 040 |
_aDLC _cDLC _dDLC |
||
| 042 | _apcc | ||
| 050 | 0 | 0 |
_aTD430 _b.R46 2012 |
| 082 | 0 | 0 |
_a628.162 _223 _bREN 2012 |
| 245 | 0 | 0 |
_aRenewable energy applications for freshwater production / _ceditors, Jochen Bundschuh, Jan Hoinkis. |
| 260 |
_aLeiden : _bCRC Press ; _aLondon : _bIWA Pub., _cc2012. |
||
| 300 |
_axxxv, 253 p. : _bill. (some col.) ; _c26 cm. |
||
| 490 | 0 |
_aSustainable energy developments ; _vv. 2 |
|
| 500 | _a"A Balkema book." | ||
| 504 | _aIncludes bibliographical references and index. | ||
| 650 | 0 |
_aWater _xPurification _xEnergy consumption. _98448 |
|
| 650 | 0 |
_aSaline water conversion _xEnergy consumption. _98449 |
|
| 650 | 0 |
_aRenewable energy sources. _92373 |
|
| 700 | 1 |
_aBundschuh, Jochen. _98450 |
|
| 700 | 1 |
_aHoinkis, Jan. _98451 |
|
| 906 |
_a7 _bcbc _corignew _d1 _eecip _f20 _gy-gencatlg |
||
| 942 |
_2ddc _cBK |
||